The Delhi model: (Record no. 751328)
[ view plain ]
| 000 -LEADER | |
|---|---|
| fixed length control field | 00395nam a22001337a 4500 |
| 020 ## - INTERNATIONAL STANDARD BOOK NUMBER | |
| ISBN | 9780143472131 |
| 082 ## - DEWEY DECIMAL CLASSIFICATION NUMBER | |
| Classification number | 350.1 SHA/DE |
| 100 ## - MAIN ENTRY--AUTHOR NAME | |
| Personal name | Shah, Jasmine |
| 245 ## - TITLE STATEMENT | |
| Title | The Delhi model: |
| Sub Title | a bold new road to building a developed India/ |
| Statement of responsibility, etc | by Jasmine Shah |
| 260 ## - PUBLICATION, DISTRIBUTION, ETC. (IMPRINT) | |
| Place of publication | . - Haryana |
| Name of publisher | : Penguin random house |
| Year of publication | , 2024 |
| 300 ## - PHYSICAL DESCRIPTION | |
| Number of Pages | xxii+334 pages |
| 942 ## - ADDED ENTRY ELEMENTS (KOHA) | |
| Source of classification or shelving scheme | Dewey Decimal Classification |
| Koha item type | Book |
| Withdrawn status | Lost status | Source of classification or shelving scheme | Damaged status | Not for loan | Home Library | Current Location | Date acquired | Full call number | Accession Number | Price effective from | Koha item type |
|---|---|---|---|---|---|---|---|---|---|---|---|
| Dewey Decimal Classification | Dept. of Political Science | Dept. of Political Science | 01/03/2025 | 350.1 SHA/DE | POL23769 | 12/09/2025 | Book |
